<?xml version="1.0" encoding="UTF-8"?>
<record
    xmlns:xsi="http://www.w3.org/2001/XMLSchema-instance"
    xsi:schemaLocation="http://www.loc.gov/MARC21/slim http://www.loc.gov/standards/marcxml/schema/MARC21slim.xsd"
    xmlns="http://www.loc.gov/MARC21/slim">

  <leader>00399nam a2200121Ia 4500</leader>
  <controlfield tag="008">180222s9999||||xx |||||||||||||| ||und||</controlfield>
  <datafield tag="020" ind1=" " ind2=" ">
    <subfield code="c">NT</subfield>
    <subfield code="2">40</subfield>
    <subfield code="a">978-986-361-019-9</subfield>
  </datafield>
  <datafield tag="100" ind1=" " ind2=" ">
    <subfield code="a">&#x91D1;&#x5973;&#x7165;</subfield>
  </datafield>
  <datafield tag="245" ind1=" " ind2="0">
    <subfield code="c">&#x91D1;&#x5973;&#x7165;</subfield>
    <subfield code="a">"&#x5728;&#x4EBA;&#x751F;&#x7684;&#x6700;&#x5F8C;&#x65C5;&#x9928;,&#x5B78;&#x7FD2;&#x8AAA;&#x518D;&#x898B; : &#x63A5;&#x53D7;&#x751F;&#x547D;&#x96E2;&#x53BB;,&#x627E;&#x5230;&#x6D3B;&#x5728;&#x7576;&#x4E0B;&#x7684;&#x529B;&#x91CF;"</subfield>
  </datafield>
  <datafield tag="250" ind1=" " ind2=" ">
    <subfield code="a">&#x521D;&#x7248;</subfield>
  </datafield>
  <datafield tag="260" ind1=" " ind2=" ">
    <subfield code="b">&#x9AD8;&#x5BF6;&#x570B;&#x969B;&#x51FA;&#x7248;&#x793E;</subfield>
    <subfield code="c">2014.06</subfield>
    <subfield code="a">&#x53F0;&#x5317;&#x5E02;</subfield>
  </datafield>
  <datafield tag="300" ind1=" " ind2=" ">
    <subfield code="c"> cm.</subfield>
    <subfield code="a"> p.</subfield>
  </datafield>
  <datafield tag="942" ind1=" " ind2=" ">
    <subfield code="2">ccl</subfield>
    <subfield code="c">BOOK</subfield>
  </datafield>
  <datafield tag="999" ind1=" " ind2=" ">
    <subfield code="c">6176</subfield>
    <subfield code="d">6176</subfield>
  </datafield>
  <datafield tag="952" ind1=" " ind2=" ">
    <subfield code="0">0</subfield>
    <subfield code="1">0</subfield>
    <subfield code="2">ccl</subfield>
    <subfield code="4">0</subfield>
    <subfield code="7">0</subfield>
    <subfield code="a">yeezen</subfield>
    <subfield code="b">yeezen</subfield>
    <subfield code="d">2016-02-03</subfield>
    <subfield code="l">4</subfield>
    <subfield code="m">2</subfield>
    <subfield code="o">197 </subfield>
    <subfield code="p">C02171</subfield>
    <subfield code="r">2024-01-23 00:00:00</subfield>
    <subfield code="s">2024-01-17</subfield>
    <subfield code="w">2018-02-22</subfield>
    <subfield code="y">BOOK</subfield>
  </datafield>
</record>
